France Logo Quiz #5 - Statistics

General Stats
  • This quiz has been taken 12 times
  • The average score is 9 of 20
Answer Stats
Picture Answer % Correct
France 24
73%
Moulinex
73%
Cif
64%
E. Leclerc
64%
Jean Paul Gaultier
64%
TV5 Monde
64%
Bonduelle
55%
Panzani
55%
Herta
45%
Le Coq Sportif
45%
Monoprix
45%
Société Française de Radiotéléphonie
45%
DS Automobiles
36%
Guerlain
36%
Motul
36%
Groupe BPCE
18%
La Fourchette
18%
Veja
18%
Martell
9%
Mistral AI
9%
No matching quizzes found
Score Distribution
Percent of People with Each Score
Percentile by Number Answered
Your Score History
You have not taken this quiz